000 00595nam a2200181 a 4500
001 000027703
005 20260305073951.0
008 110404s1982 dr b 000 0 spa d
040 _aDO-SdBNP
_bspa
_cBNPHU
082 _axxx
110 0 _aForum
_98563
245 1 4 _aLos problemas del sector rural en la República Dominicana /
_cEditor Frank Moya Pons.
260 _aSanto Domingo :
_bFORUM,
_c1982.
300 _a233 p. :
_bmapa. ;
_c22 cm.
504 _aIncluye referencias bibliográficas y notas al pie de las páginas.
049 _aBNPD
700 1 _aMoya Pons, Frank,
_d1944-
_eEditor
_92095
999 _c27195
_d27195